000 00533nam a2200169 4500
001 143112
003 ES-MaACL
005 20230906200728.0
007 t|
008 070214s1915 sp r ||||1| spa d
100 1 _aSelva, Juan B.
_9105350
245 1 0 _aGuía del buen decir
_b: estudio de las transgresiones gramaticales más comunes /
_cpor Juan B. Selva.
260 _aMadrid :
_b[s. n.,
_c1915] (
_fImp. de V. Tordesillas)
300 _aXIV, 370 p. ;
_c25 x 17 cm.
852 _aES-MaACL
_jA-4573
852 _aES-MaACL
_jF-9898
999 _c143112
_d143112